Baldi's Basics Items - Statistics

General Stats
  • This quiz has been taken 77 times
  • The average score is 15 of 22
Answer Stats
Description Answer % Correct
Open a can of fizzed up BSODA and spray away anyone who's trying to get in your way!Ingredients: Blue, high fructose corn syrup, electricity, and 2% or less of: Water, blue 2. BSODA
100%
Eat one of these and get a boost of energy! Fills up your stamina more than you can just by taking a rest! Energy Flavored Zesty Bar
90%
Slice through anything* with these high-end ______ ________!*Actually, these are the dullest ________ ever made and can only cut through jumpropes, bubble gum, and cheap wires. Safety Scissors
90%
Break all the rules you want with the Principal's Keys! Use them to open any locked door, even ones that haven't been locked by Principal of the Thing! Principal's Keys
85%
Give this to Baldi and he won't be able to resist taking a quick break to scarf it down! An Apple for Baldi
80%
Place this on any swinging door to lock it for a few seconds, preventing anyone from coming through.Keep in mind that people can still see through locked swinging doors! Swinging Door Lock
77%
Use this and there's no telling where you'll end up! It could take you to safety or certain doom! Now that's what I call fun! Dangerous Teleporter
75%
Need instant justice? Blow this _______ and Principal of the Thing will come to your aid as quickly as he can! Principal Whistle
74%
A _____ _______! Useful for anything that requires a _____ _______! Quarter
74%
Set this clock up and when it goes off, Baldi will want to check it out! Unless he sees you of course, he's not *that* stupid. Alarm Clock
72%
The main objective item of the Baldi's Basics series. Notebook
69%
Create a cloud of chalk dust and block off the sight of Baldi and his freinds.Stand inside to hide, or use it to sneak past characters without them seeing you. Dirty Chalk Eraser
67%
These ___ ___ _____ will help you keep your feet on the ground! Prevents you from getting pushed by characters and obstacles found around the school. Big Ol' Boots
66%
Tired of noises giving your location away? __________ can solve your problems! Spray it on a door or locker to make it silent. Baldi can't hear silence! WD-NoSquee
66%
Experience what's it's like to work in Baldi's Super Schoolhouse! When you have this on, no one will bother you!Well, except for Baldi, he knows a fake nametag when he sees one. Faculty Name Tag
62%
If there's a room on the other side, place this on the wall to get through. A super technology invented by Baldi himself! Portal Poster
61%
This ____ was carefully designed by a student to effectively make Baldi deaf as long as it plays.If you can hear the tone, you can make all the noise you want, worry free! Baldi Anti-Hearing and Disorienting Tape
57%
Fire this baby at a far away wall to quickly get pulled towards it. Can get you out of sticky situations quick. Grappling Hook
56%
Exclusively appears in Baldi's Basics Birthday Bash and Party Style of Classic Remastered. It contains a random item inside. Present
56%
An item in the camping field trip (prior to Baldi's Basics Plus V0.3) that was necessary to keep the campfire burning. Log
34%
Provides educational guides in Baldi's Basement and a note from the developer in Baldi's Basics Classic Remastered. Book
28%
What the?! This shouldn't be possible! Nothing
28%
No matching quizzes found
Score Distribution
Percent of People with Each Score
Percentile by Number Answered
Your Score History
You have not taken this quiz